000 00661nam a22001815i 4500
001 156875
003 ES-MaACL
005 20250718063328.0
008 040805s1882 fr |||| | fre d
040 _aCAM
_bspa
_cCAM
100 1 _aLafon, Mary,
_d1812-1884
_9128583
245 1 0 _aHistoire littéraire du Midi de la France /
_cpar Mary Lafon.
260 _aParis :
_bC. Reinwald libraire-éditeur,
_c1882 (
_eToulouse :
_fimprimerie Douladoure-Privat)
300 _aXIII, 421 p. ;
_c22 cm.
650 4 _aLiteratura francesa-
_xHistoria.
_9222687
852 _aES-MaACL
_jF-4029
_z-- Enc. hol. conservando la cub. original
999 _c156875
_d156875